Online Public Access Catalog -OPAC

A Colour Atlas of Comparative Veterinary Haematology : Normal and Abnomal Blood Cells in Mammals, Birds and Reptiles (Record no. 2568)

MARC details
000 -LEADER
fixed length control field 00700nam a2200169Ia 4500
008 - FIXED-LENGTH DATA ELEMENTS--GENERAL INFORMATION
fixed length control field 1989xxk er 0 1 0
020 ## - INTERNATIONAL STANDARD BOOK NUMBER
International Standard Book Number 723409307
040 ## - CATALOGING SOURCE
Original cataloging agency NG-ZaABU
050 ## - LIBRARY OF CONGRESS CALL NUMBER
Classification number SF769.25
100 ## - MAIN ENTRY--PERSONAL NAME
Personal name Hawkey, C.M.
245 #2 - TITLE STATEMENT
Title A Colour Atlas of Comparative Veterinary Haematology : Normal and Abnomal Blood Cells in Mammals, Birds and Reptiles
Statement of responsibility, etc. by C. M. Hawkey and T. B. Dennett
260 ## - PUBLICATION, DISTRIBUTION, ETC.
Place of publication, distribution, etc. London:
Name of publisher, distributor, etc. Wolfe Publishing Limited
Date of publication, distribution, etc. 1989
300 ## - PHYSICAL DESCRIPTION
Extent 192p.:ill.
504 ## - BIBLIOGRAPHY, ETC. NOTE
Bibliography, etc. note Includes bibliographical references
700 ## - ADDED ENTRY--PERSONAL NAME
Personal name T.B. Dennett

No items available.

Customized by ICT Technical Service Unit on 29th Dec 2022

Kashim Ibrahim Library